Flagi 10 prowincji kanadyjskich - Statystyki

Ogólne statystyki
  • Ten quiz został rozwiązany 37 razy
  • Średni wynik to 6 z 10
Statystyki odpowiedzi
Obrazkowy Odpowiedź % Poprawnych
Quebec
93%
Ontario
73%
Alberta
60%
Kolumbia Brytyjska
60%
Manitoba
53%
Nowa Szkocja
53%
Nowy Brunszwik
53%
Saskatchewan
47%
Nowa Fundlandia i Labrador
33%
Wyspa Księcia Edwarda
27%
Nie znaleziono quizów pasujących do podanych kryteriów
Rozkład punktacji
Procent ludzi z każdym wynikiem
Percentyl według liczby udzielonych odpowiedzi
Twoja historia wyników
Nie rozwiązałeś tego quizu